New Bible Commentary (Record no. 4208)
[ view plain ]
| 000 -LEADER | |
|---|---|
| fixed length control field | 00386nam a22001577a 4500 |
| 008 - FIXED-LENGTH DATA ELEMENTS--GENERAL INFORMATION | |
| fixed length control field | 250709b |||||||| |||| 00| 0 eng d |
| 020 ## - INTERNATIONAL STANDARD BOOK NUMBER | |
| ISBN | 9780851106489 |
| 100 ## - MAIN ENTRY--AUTHOR | |
| Author | Carson D.A |
| 245 ## - TITLE STATEMENT | |
| Title | New Bible Commentary |
| 250 ## - EDITION STATEMENT | |
| Edition statement | 4th |
| 260 ## - PUBLICATION, DISTRIBUTION, ETC. (IMPRINT) | |
| Place of publication | N.P |
| Name of publisher | Inter-Varsity Press |
| Date of publication | 2011 |
| 300 ## - COLLATION | |
| Pagination | xiii, 1455p. |
| Other physical details | ill. |
| 650 ## - TRACINGS | |
| Main Subject | Bible-Commentarial |
| 942 ## - ADDED ENTRY ELEMENTS (KOHA) | |
| Item type | Books |
| 050 ## - LIBRARY OF CONGRESS CALL NUMBER | |
| Classification number | BS491.2 |
| Item number | .N49 |
| Source of classification or shelving scheme | Not for loan | Permanent location | Current location | Date acquired | Accession No. | Full call number | Barcode. | Koha item type |
|---|---|---|---|---|---|---|---|---|
| Dewey Decimal Classification | Samuel Ogbemudia Main Library, University of Abuja | Samuel Ogbemudia Main Library, University of Abuja | 07/09/2025 | 2025/65025 | BS491.2.N49 | 2025-2954 | Books |